[Event "SR 2. liga A 2005/2006"]
[Site "?"]
[Date "2006.03.12"]
[Round "63.1"]
[White "Rohacek, Miroslav"]
[Black "Likavsky, Tomas"]
[Result "0-1"]
[WhiteElo "2247"]
[BlackElo "2493"]
[PlyCount "116"]
[EventDate "2005.??.??"]

1. c4 e5 2. Nc3 d6 3. g3 Nc6 4. Bg2 g6 5. Rb1 h5 6. h4 Bg7 7. b4 Nh6 8. d3 Nd4
9. e3 Ne6 10. Nge2 O-O 11. d4 exd4 12. exd4 Nf5 13. d5 Ned4 14. O-O Nxe2+ 15.
Nxe2 Re8 16. Re1 Bd7 17. Bg5 Qb8 18. Qd2 a5 19. b5 Qa7 20. Nc3 Qd4 21. Ne4 Qxd2
22. Bxd2 Bd4 23. Rbd1 Kg7 24. Bf4 Be5 25. Bxe5+ Rxe5 26. Kf1 Rae8 27. Nc3 Nh6
28. Rxe5 Rxe5 29. Re1 Ng4 30. Re2 Rxe2 31. Kxe2 Ne5 32. Ke3 Nxc4+ 33. Kd4 Na3
34. Bf1 Kf8 35. Bd3 Ke7 36. Be2 Kd8 37. Bd3 Kc8 38. Be2 Kb8 39. Bd3 Ka7 40. Be2
Kb6 41. Na4+ Ka7 42. Nc3 Bf5 43. Ke3 Nb1 44. Na4 Bc2 45. Nb2 Nc3 46. Bc4 Nd1+
47. Nxd1 Bxd1 48. Kf4 Kb6 49. f3 Kc5 50. Bd3 a4 51. a3 Kxd5 52. Be4+ Kc4 53. g4
d5 54. Bf5 hxg4 55. Bxg4 d4 56. Bd7 d3 57. Be8 d2 58. Ke3 Kc3 0-1

[Event "SR 2. liga A 2005/2006"]
[Site "?"]
[Date "2006.03.12"]
[Round "63.2"]
[White "Meszaros, Michal"]
[Black "Machalova, Veronika"]
[Result "1-0"]
[WhiteElo "2348"]
[BlackElo "2222"]
[PlyCount "69"]
[EventDate "2005.??.??"]

1. e4 c5 2. Nf3 d6 3. d4 cxd4 4. Nxd4 Nf6 5. Nc3 Nc6 6. Bg5 e6 7. Qd2 a6 8.
O-O-O h6 9. Be3 Be7 10. f3 Nxd4 11. Bxd4 e5 12. Be3 Be6 13. Kb1 b5 14. g4 b4
15. Nd5 Bxd5 16. exd5 a5 17. Bb5+ Kf8 18. h4 Rb8 19. Bc6 Qc7 20. g5 Nh5 21. Qf2
Bd8 22. f4 Nxf4 23. Bxf4 exf4 24. Rde1 Be7 25. Qxf4 g6 26. Rhf1 Rh7 27. Qe4
hxg5 28. Qxg6 Rg7 29. Qh5 Kg8 30. hxg5 Rh7 31. Qg4 Rg7 32. Rh1 f5 33. Qh5 Bxg5
34. Qh8+ Kf7 35. Be8+ 1-0

[Event "SR 2. liga A 2005/2006"]
[Site "?"]
[Date "2006.03.12"]
[Round "63.3"]
[White "Machalova, Maria"]
[Black "Gasa, Andrej"]
[Result "1/2-1/2"]
[WhiteElo "2140"]
[BlackElo "2212"]
[PlyCount "38"]
[EventDate "2005.??.??"]

1. c4 e6 2. Nc3 d5 3. cxd5 exd5 4. d4 Nf6 5. Nf3 c6 6. Qc2 Be7 7. Bf4 Qb6 8. h3
O-O 9. e3 Bf5 10. Qc1 h6 11. Be2 Nbd7 12. O-O Rfe8 13. Ne5 Nxe5 14. Bxe5 Ne4
15. Bf3 Nxc3 16. Qxc3 a5 17. a3 Bf8 18. Bg3 a4 19. Rac1 Qb5 1/2-1/2

[Event "SR 2. liga A 2005/2006"]
[Site "?"]
[Date "2006.03.12"]
[Round "63.4"]
[White "Hecko, Dusan"]
[Black "Federic, Pavol"]
[Result "1-0"]
[WhiteElo "2122"]
[BlackElo "2183"]
[PlyCount "135"]
[EventDate "2005.??.??"]

{D35: Queen's Gambit Declined: Exchange Variation} 1. c4 e6 2. Nc3 d5 3. cxd5
exd5 4. d4 Nf6 5. Nf3 Be7 6. Qc2 O-O {last book move} 7. e3 ({kniz. Fritz} 7.
Bg5 Nbd7 8. e3 Re8 9. Bd3 Nf8 10. h3 a6 11. O-O c6) 7... b6 8. Be2 c5 9. dxc5
bxc5 10. O-O Nc6 11. Rd1 Be6 12. b3 Qa5 13. Bb2 Rfd8 14. Rac1 Rac8 15. Qb1 h6
16. h3 c4 17. bxc4 dxc4 18. Rxd8+ Rxd8 19. Rd1 Rb8 20. Qc1 Bb4 21. Qc2 Ba3 22.
Ba1 Be7 23. Nd4 Nxd4 24. Rxd4 Qg5 25. h4 Qa5 26. Rd1 (26. Bxc4 $5 Bc5 27. Rf4
$14) 26... Rc8 27. g3 Nd5 28. Nxd5 $11 Bxd5 29. Bc3 {blokada v style Nimcovica}
Qc5 30. e4 Be6 31. Bf3 Bd6 32. Kg2 Be5 33. Rc1 Rd8 34. Be2 Bxc3 35. Qxc3 Rd4
36. f3 Kh8 37. Qe3 Qd6 38. Rc2 Kg8 39. Kf2 Kf8 40. Kg2 Ke7 41. Kf2 Qb6 42. g4
Rd7 43. Qxb6 axb6 44. a4 Kd6 $2 (44... Rc7 $142 $11 {a cierny moze este dychat}
) 45. Bxc4 $16 Rc7 46. Rd2+ Ke5 47. Bxe6 fxe6 48. Ke3 (48. Kg3 Rc1 $18) 48...
Rc3+ (48... g5 $142 $5 $16) 49. Rd3 $18 Rc4 $4 {
ani lepsi tah uz partiu nemohol zachranit} (49... Rc1 50. f4+ Kf6 51. Rb3 Re1+
52. Kd3 Rd1+ 53. Kc3 Rc1+ 54. Kd2 $18) 50. f4+ $2 ({okamzite vyhravalo} 50. g5
Rxe4+ 51. fxe4 $18) 50... Kf6 51. e5+ Ke7 52. Rd4 Rc3+ 53. Ke4 Rh3 (53... Rg3
54. h5 Rxg4 55. Rd6 $18) 54. Rb4 (54. h5 $142 $5 $18) 54... Rxh4 $16 55. Rxb6
Rxg4 56. Rb7+ Kd8 57. a5 g5 58. a6 Rxf4+ 59. Ke3 Kc8 60. Re7 Kb8 61. Rxe6 Rf1 (
61... h5 $142 $18) 62. Rxh6 Ka7 63. Kd4 (63. Ke4 $5 {a biely ma vyhrate} Rf8
$18) 63... g4 64. Rg6 Rg1 65. e6 (65. Ke3 $142 $18) 65... Re1 $2 (65... g3 $142
66. Ke4 g2 $18) 66. Kd5 Kxa6 67. e7+ Kb7 68. Re6 1-0

[Event "SR 2. liga A 2005/2006"]
[Site "?"]
[Date "2006.03.12"]
[Round "63.5"]
[White "Macko, Michal"]
[Black "Hanzluvka, Peter"]
[Result "0-1"]
[WhiteElo "2140"]
[BlackElo "2032"]
[PlyCount "78"]
[EventDate "2005.??.??"]

1. e4 c5 2. Nf3 d6 3. c3 Nf6 4. Bb5+ Bd7 5. Bxd7+ Nbxd7 6. d3 e6 7. O-O Be7 8.
Re1 O-O 9. Nbd2 Rc8 10. Qe2 Qc7 11. Nf1 Rfd8 12. h3 Nf8 13. Bg5 Ng6 14. Rad1 h6
15. Bc1 Nd7 16. N3h2 d5 17. Nf3 dxe4 18. dxe4 Bd6 19. Ne3 Nf4 20. Qf1 Qb8 21.
a4 a6 22. Nc4 Bc7 23. Bxf4 Bxf4 24. Rxd7 Rxd7 25. Nb6 Rcd8 26. Nxd7 Rxd7 27.
Qc4 b5 28. Qxc5 bxa4 29. Rb1 Qxb2 30. Qc8+ Kh7 31. Re1 Rc7 32. Qxa6 a3 33. g3
Bc1 34. Re2 Qxc3 35. Kg2 Bb2 36. Nd2 Qc1 37. e5 Qc6+ 38. Qxc6 Rxc6 39. f4 Rc2
0-1

[Event "SR 2. liga A 2005/2006"]
[Site "?"]
[Date "2006.03.12"]
[Round "63.6"]
[White "Pagerka, Martin"]
[Black "Machalova, Erika"]
[Result "0-1"]
[WhiteElo "1849"]
[BlackElo "2056"]
[PlyCount "90"]
[EventDate "2005.??.??"]

1. e4 c5 2. Nf3 d6 3. d4 cxd4 4. Nxd4 Nf6 5. Nc3 a6 6. Bc4 e6 7. Bb3 b5 8. Qe2
Qc7 9. f3 Be7 10. Be3 Nc6 11. O-O-O Ne5 12. g4 Nfd7 13. Bxe6 fxe6 14. Nxe6 Qc4
15. Qxc4 Nxc4 16. Bd4 Kf7 17. Nxg7 Nde5 18. Nf5 Bxf5 19. gxf5 Bg5+ 20. Kb1 Nd2+
21. Ka1 Rhd8 22. Bxe5 dxe5 23. Nd5 Nxf3 24. Nc7 Ra7 25. Ne6 Rxd1+ 26. Rxd1 Be7
27. b3 Kf6 28. h4 Nxh4 29. Rh1 Kf7 30. c4 bxc4 31. bxc4 Ra8 32. c5 Rc8 33. Kb2
Ke8 34. Kb3 Nf3 35. Kc4 Ng5 36. Nxg5 Rxc5+ 37. Kb3 Bxg5 38. Rxh7 Rc6 39. Rg7
Bf6 40. Rg6 Kf7 41. Rg3 Be7 42. Rc3 Rxc3+ 43. Kxc3 Kf6 44. Kc4 Kg5 45. Kd5 Kf4
0-1

[Event "SR 2. liga A 2005/2006"]
[Site "?"]
[Date "2006.03.12"]
[Round "63.7"]
[White "Varga, David"]
[Black "Pericka, Tomas"]
[Result "1-0"]
[WhiteElo "2095"]
[BlackElo "1945"]
[PlyCount "80"]
[EventDate "2005.??.??"]

1. e4 c5 2. Nf3 Nc6 3. d4 cxd4 4. Nxd4 g6 5. c4 Bg7 6. Be3 Nf6 7. Nc3 Ng4 8.
Qxg4 Nxd4 9. Qd1 e5 10. Bd3 d6 11. O-O O-O 12. Qd2 Qh4 13. Bxd4 exd4 14. Nb5
Bg4 15. f3 Bh6 16. f4 f5 17. Nxd6 fxe4 18. Bxe4 Be6 19. g3 Qf6 20. Bxb7 Rab8
21. c5 Rfd8 22. Bg2 Bg7 23. b4 d3 24. Rad1 Qd4+ 25. Kh1 Rxb4 26. Qxd3 Qxd3 27.
Rxd3 Bc4 28. Bd5+ Bxd5+ 29. Rxd5 Rb2 30. Rc1 Bf8 31. a4 Bxd6 32. cxd6 Rb6 33.
d7 Kf8 34. Kg2 Rb7 35. Rcd1 Ke7 36. Kf3 Rdxd7 37. Rxd7+ Rxd7 38. Rxd7+ Kxd7 39.
g4 Ke6 40. Ke4 Kf6 1-0

[Event "SR 2. liga A 2005/2006"]
[Site "?"]
[Date "2006.03.12"]
[Round "63.8"]
[White "Diviak, Rastislav"]
[Black "Antol, Ladislav"]
[Result "1/2-1/2"]
[WhiteElo "1937"]
[BlackElo "2046"]
[PlyCount "39"]
[EventDate "2005.??.??"]

1. e4 c5 2. Nf3 d6 3. d4 cxd4 4. Nxd4 Nf6 5. Nc3 a6 6. Be2 e5 7. Nb3 Be7 8. O-O
b5 9. a3 Bb7 10. Qe1 O-O 11. Bd3 Nbd7 12. f4 exf4 13. Bxf4 Ne5 14. Rd1 Nfg4 15.
Be2 Qb6+ 16. Nd4 Nf6 17. Be3 Nfg4 18. Bf4 Nf6 19. Be3 Nfg4 20. Bf4 1/2-1/2

[Event "SR 2. liga A 2005/2006"]
[Site "?"]
[Date "2006.03.12"]
[Round "64.1"]
[White "Sycova, Miroslava"]
[Black "Ruckschloss, Karol"]
[Result "1/2-1/2"]
[WhiteElo "2070"]
[BlackElo "2275"]
[PlyCount "40"]
[EventDate "2005.??.??"]

1. e4 c5 2. Nf3 Nc6 3. d4 cxd4 4. Nxd4 d6 5. Nc3 g6 6. Be3 Bg7 7. Qd2 Bd7 8. h4
h5 9. f3 a6 10. O-O-O Rc8 11. Be2 Ne5 12. Kb1 b5 13. g4 hxg4 14. h5 gxf3 15.
Nxf3 Nxf3 16. Bxf3 Bxc3 17. bxc3 Qa5 18. hxg6 Rxh1 19. gxf7+ Kxf7 20. Rxh1 Qxc3
1/2-1/2

[Event "SR 2. liga A 2005/2006"]
[Site "?"]
[Date "2006.03.12"]
[Round "64.3"]
[White "Gajarsky, Roman"]
[Black "Kovarik, Oto"]
[Result "0-1"]
[WhiteElo "2052"]
[BlackElo "2108"]
[PlyCount "37"]
[EventDate "2005.??.??"]

1. e4 c5 2. Nf3 e6 3. d4 cxd4 4. Nxd4 a6 5. Nc3 Qc7 6. Bd3 Nc6 7. Nxc6 bxc6 8.
O-O Nf6 9. Qe2 Bd6 10. f4 e5 11. Kh1 Bb7 12. Bd2 O-O 13. f5 Be7 14. Rae1 d5 15.
Rf3 Rfe8 16. Rh3 Rad8 17. g4 dxe4 18. Nxe4 Nxe4 19. Bxe4 0-1

[Event "SR 2. liga A 2005/2006"]
[Site "?"]
[Date "2006.03.12"]
[Round "64.4"]
[White "Pribila, Michal"]
[Black "Slamena, Michal"]
[Result "1/2-1/2"]
[WhiteElo "1987"]
[BlackElo "2063"]
[PlyCount "22"]
[EventDate "2005.??.??"]

1. e4 e5 2. Nf3 Nc6 3. Bb5 Nf6 4. O-O Nxe4 5. d4 exd4 6. Re1 d5 7. Nxd4 Bd6 8.
Nxc6 Bxh2+ 9. Kxh2 Qh4+ 10. Kg1 Qxf2+ 11. Kh2 Qh4+ 1/2-1/2

[Event "SR 2. liga A 2005/2006"]
[Site "?"]
[Date "2006.03.12"]
[Round "64.7"]
[White "Kollarik, Gorazd"]
[Black "Bilovsky, Milan"]
[Result "1/2-1/2"]
[WhiteElo "1981"]
[BlackElo "1889"]
[PlyCount "60"]
[EventDate "2005.??.??"]

1. d4 d5 2. c4 c6 3. Nf3 Bf5 4. e3 e6 5. Nc3 Nf6 6. Bd2 Bd6 7. c5 Bc7 8. b4 b6
9. a4 bxc5 10. bxc5 O-O 11. Nh4 Bg6 12. Nxg6 hxg6 13. Bd3 Nbd7 14. O-O Rb8 15.
Rb1 Rxb1 16. Qxb1 Qb8 17. g3 Qxb1 18. Rxb1 Rb8 19. Rxb8+ Bxb8 20. e4 dxe4 21.
Nxe4 Nd5 22. f4 N7f6 23. Nxf6+ gxf6 24. Kf2 Kg7 25. Kf3 e5 26. fxe5 fxe5 27.
dxe5 Bxe5 28. Be4 f5 29. Bxd5 cxd5 30. Be3 d4 1/2-1/2

[Event "SR 2. liga A 2005/2006"]
[Site "?"]
[Date "2006.03.12"]
[Round "64.8"]
[White "Holly, Milan"]
[Black "Synak, Jan"]
[Result "1/2-1/2"]
[WhiteElo "1757"]
[BlackElo "1775"]
[PlyCount "27"]
[EventDate "2005.??.??"]

1. Nf3 d5 2. b3 Nf6 3. Bb2 e5 4. e3 Nc6 5. d4 Bb4+ 6. c3 Be7 7. Be2 O-O 8. O-O
b6 9. c4 Bb7 10. cxd5 Nxd5 11. Nc3 Ncb4 12. Rc1 c5 13. a3 Nc6 14. Nxd5 1/2-1/2

[Event "SR 2. liga A 2005/2006"]
[Site "?"]
[Date "2006.03.12"]
[Round "65.1"]
[White "Petrik, Stanislav"]
[Black "Pacher, Milan"]
[Result "1-0"]
[WhiteElo "2246"]
[BlackElo "2216"]
[PlyCount "77"]
[EventDate "2005.??.??"]

1. e4 c6 2. c4 d5 3. exd5 cxd5 4. cxd5 Nf6 5. Nc3 Nxd5 6. Bc4 Nb6 7. Bb3 Nc6 8.
Nf3 e5 9. d4 exd4 10. Ng5 Ne5 11. f4 Nec4 12. Qe2+ Qe7 13. Nb5 Qxe2+ 14. Kxe2
Bg4+ 15. Kf2 Kd7 16. Nxf7 Bc5 17. Nxh8 Rxh8 18. Kg3 Bh5 19. Bd1 Bg6 20. Bg4+
Kc6 21. Nxa7+ Kd5 22. f5 Bd6+ 23. Kh3 Be8 24. Bf3+ Ke5 25. Bxb7 Kxf5 26. g4+
Ke6 27. Re1+ Ne5 28. Nc8 Nxc8 29. Bxc8+ Kd5 30. Bf4 Bc6 31. Bf5 Nc4 32. Be4+
Kc5 33. b4+ Kb6 34. Bxd6 Nxd6 35. Bxc6 Kxc6 36. a4 Kd5 37. a5 Ne4 38. a6 h5 39.
Ra5+ 1-0

[Event "SR 2. liga A 2005/2006"]
[Site "?"]
[Date "2006.03.12"]
[Round "65.3"]
[White "Rovnak, Peter"]
[Black "Sturc, Gustav"]
[Result "1-0"]
[WhiteElo "2135"]
[BlackElo "2103"]
[PlyCount "83"]
[EventDate "2005.??.??"]

1. e4 e5 2. Nf3 Nc6 3. Bc4 Be7 4. d4 d6 5. dxe5 Nxe5 6. Nxe5 dxe5 7. Qh5 g6 8.
Qxe5 Nf6 9. Bh6 Rg8 10. Nc3 Ng4 11. Qf4 Nxh6 12. Qxh6 Bg4 13. Bxf7+ Kxf7 14.
Qf4+ Bf6 15. Qxg4 Bxc3+ 16. bxc3 Qe7 17. O-O Rge8 18. Rfe1 Rad8 19. Rad1 Qe5
20. Rd7+ Rxd7 21. Qxd7+ Re7 22. Qd4 Re6 23. f3 Qxd4+ 24. cxd4 Ra6 25. Rb1 b6
26. Rb2 Ra4 27. c3 Rc4 28. Rc2 b5 29. Kf2 Ke6 30. Ke3 c6 31. f4 h5 32. g3 a5
33. h3 Ra4 34. g4 Ra3 35. f5+ gxf5 36. gxf5+ Kd7 37. e5 b4 38. Kd3 a4 39. Kc4
b3 40. axb3 axb3 41. Rb2 Ra1 42. Rxb3 1-0

[Event "SR 2. liga A 2005/2006"]
[Site "?"]
[Date "2006.03.12"]
[Round "65.4"]
[White "Eged, Igor"]
[Black "Krajnak, Robert"]
[Result "1/2-1/2"]
[WhiteElo "2107"]
[BlackElo "2089"]
[PlyCount "23"]
[EventDate "2005.??.??"]

1. e4 c5 2. Nc3 Nc6 3. g3 g6 4. Bg2 Bg7 5. d3 d6 6. Nge2 e6 7. O-O Nge7 8. Be3
Nd4 9. Nf4 O-O 10. Qd2 Rb8 11. Nd1 b5 12. c3 1/2-1/2

[Event "SR 2. liga A 2005/2006"]
[Site "?"]
[Date "2006.03.12"]
[Round "65.5"]
[White "Farkas, Vladimir"]
[Black "Breja, Stanislav"]
[Result "1/2-1/2"]
[WhiteElo "2061"]
[BlackElo "2091"]
[PlyCount "113"]
[EventDate "2005.??.??"]

1. Nf3 Nf6 2. d3 d5 3. g3 Nc6 4. Bg2 e5 5. O-O Be6 6. Nbd2 Qd7 7. Ng5 Bg4 8. h3
Bf5 9. e4 dxe4 10. dxe4 Bg6 11. Qe2 O-O-O 12. c3 Qd3 13. Re1 Bc5 14. Ngf3 Qc2
15. Nh4 Rd3 16. Nxg6 hxg6 17. Kf1 Rhd8 18. Nb3 Qxe2+ 19. Kxe2 Bb6 20. Bg5 R8d6
21. Bxf6 gxf6 22. f3 f5 23. Rad1 Re3+ 24. Kf1 Rxd1 25. Rxd1 fxe4 26. fxe4 Rxg3
27. Nc1 Nd8 28. Rd3 Rg5 29. Ne2 Ne6 30. Bf3 f5 31. Rd5 Nf4 32. h4 Nxd5 33. exd5
e4 34. hxg5 exf3 35. Nf4 Be3 36. Nxg6 Bxg5 37. Ne5 Bc1 38. Nxf3 Bxb2 39. c4 Kd7
40. Ke2 Kd6 41. Kd3 Kc5 42. Nh4 f4 43. Nf3 b5 44. cxb5 Kxb5 45. Ke4 Bc1 46.
Nd4+ Kc4 47. Ne6 f3 48. Kxf3 Kxd5 49. Nxc7+ Kc4 50. Ke4 a5 51. Nd5 Bg5 52. Kf5
Bd8 53. Ke4 a4 54. Ne3+ Kc3 55. Kd5 Kb2 56. Nd1+ Kc2 57. Kc4 1/2-1/2

[Event "SR 2. liga A 2005/2006"]
[Site "?"]
[Date "2006.03.12"]
[Round "65.6"]
[White "Cambel, Vladimir"]
[Black "Raczko, Peter"]
[Result "1/2-1/2"]
[WhiteElo "2082"]
[BlackElo "2041"]
[PlyCount "111"]
[EventDate "2005.??.??"]

1. c4 e6 2. g3 d5 3. Bg2 Nf6 4. Nf3 Be7 5. O-O O-O 6. b3 Nbd7 7. Bb2 c6 8. Qc2
Re8 9. d4 Nf8 10. Nbd2 Ng6 11. Rfd1 Qb6 12. e4 dxe4 13. Nxe4 Nxe4 14. Qxe4 Bf6
15. h4 Qc7 16. Bf1 Bd7 17. h5 Nf8 18. Kg2 c5 19. Qc2 cxd4 20. Nxd4 e5 21. Nf5
Rad8 22. Kg1 Bc6 23. c5 Bf3 24. Rd6 Bxh5 25. Bb5 Re6 26. Rxd8 Bxd8 27. Bc4 Qxc5
28. Rc1 Bg6 29. Qd1 Bb6 30. Qf3 e4 31. Bxe6 Qxc1+ 32. Bxc1 exf3 33. Ne7+ Kh8
34. Bd5 Bc5 35. Nxg6+ Nxg6 36. Bxb7 Ne5 37. Bf4 Nd3 38. Bxf3 Nxf2 39. Kf1 Nd3
40. Bd2 Ne5 41. Be4 g6 42. Bc3 f6 43. b4 Bb6 44. a4 Kg7 45. a5 Be3 46. Ke2 Bg1
47. b5 Bc5 48. Be1 Kf7 49. Bf2 Bxf2 50. Kxf2 Ke7 51. b6 a6 52. b7 Nd7 53. Ke3
Kd6 54. Kd4 Nb8 55. Bd5 f5 56. Bf3 1/2-1/2

[Event "SR 2. liga A 2005/2006"]
[Site "?"]
[Date "2006.03.12"]
[Round "65.7"]
[White "Deak, Gabriel"]
[Black "Isa, Vlastimil"]
[Result "1-0"]
[WhiteElo "2038"]
[BlackElo "1974"]
[PlyCount "75"]
[EventDate "2005.??.??"]

1. d4 Nf6 2. Nf3 c5 3. d5 e6 4. c4 exd5 5. cxd5 d6 6. Nc3 g6 7. Bg5 Bg7 8. e4
O-O 9. Be2 Bg4 10. Nd2 Bxe2 11. Qxe2 Nbd7 12. O-O Re8 13. f4 a6 14. a4 Qc7 15.
Rae1 Rab8 16. Nf3 c4 17. Kh1 b5 18. axb5 axb5 19. Bxf6 Bxf6 20. e5 dxe5 21. Ne4
exf4 22. Nfd2 Bxb2 23. d6 Qb7 24. Qg4 f5 25. Qxf4 c3 26. Ng5 cxd2 27. Qxd2 Bf6
28. Qa2+ Kh8 29. Qf7 Bxg5 30. Rxe8+ Rxe8 31. Qxe8+ Kg7 32. h4 Bxh4 33. Rc1 Qa7
34. Rc7 Qa1+ 35. Kh2 Kh6 36. Rxd7 Bf6 37. Qe3+ Bg5 38. Qh3+ 1-0

[Event "SR 2. liga A 2005/2006"]
[Site "?"]
[Date "2006.03.12"]
[Round "65.8"]
[White "Zdrazil, Bohumir"]
[Black "Vinarcik, Jan"]
[Result "1/2-1/2"]
[WhiteElo "1962"]
[BlackElo "2046"]
[PlyCount "75"]
[EventDate "2005.??.??"]

1. Nf3 Nc6 2. d4 d5 3. e3 Nf6 4. c4 e6 5. Nc3 Bb4 6. a3 Bxc3+ 7. bxc3 Ne7 8.
Ne5 c6 9. Qb3 O-O 10. a4 Nd7 11. Nxd7 Qxd7 12. Ba3 Re8 13. Qb4 Nf5 14. g4 Nh4
15. Qd6 e5 16. Qxd7 Bxd7 17. h3 dxc4 18. Bxc4 exd4 19. cxd4 Be6 20. Bxe6 Rxe6
21. Ke2 Rd8 22. Rad1 Rd7 23. Rh2 h6 24. f4 f5 25. Bb4 Rd5 26. Be1 Ng6 27. Kf3
Re7 28. Rc2 Red7 29. Rdc1 Ne7 30. Bb4 g6 31. Bxe7 Rxe7 32. Rc5 Red7 33. a5 a6
34. Rxd5 cxd5 35. Rc5 Kf7 36. h4 Ke6 37. Rc8 Kf7 38. gxf5 1/2-1/2

[Event "SR 2. liga A 2005/2006"]
[Site "?"]
[Date "2006.03.12"]
[Round "66.1"]
[White "Vlcek, Stanislav"]
[Black "Kubon, Kamil"]
[Result "1-0"]
[WhiteElo "2238"]
[BlackElo "2062"]
[PlyCount "70"]
[EventDate "2005.??.??"]

1. e4 c5 2. Nf3 d6 3. d4 cxd4 4. Nxd4 Nf6 5. Nc3 a6 6. f4 e6 7. Qf3 Qc7 8. g4
b5 9. g5 Nfd7 10. Be3 Bb7 11. O-O-O Nc5 12. Bd3 Nc6 13. Kb1 O-O-O 14. f5 Ne5
15. Qh3 Re8 16. g6 b4 17. gxf7 Qxf7 18. fxe6 Nxe6 19. Nd5 Kb8 20. Nxb4 Nc5 21.
Rhf1 Qd7 22. Qg3 g6 23. Nd5 Bg7 24. Nb3 Bxd5 25. Nxc5 dxc5 26. exd5 Qd6 27. Bf5
Nc4 28. Qxd6+ Nxd6 29. Be6 c4 30. Bf4 Kc7 31. Rfe1 Rb8 32. b3 Rhe8 33. Re4 cxb3
34. Rc4+ Kd8 35. Bxd6 bxc2+ 1-0

[Event "SR 2. liga A 2005/2006"]
[Site "?"]
[Date "2006.03.12"]
[Round "66.2"]
[White "Tokos, Jozef"]
[Black "Petrik, Karol"]
[Result "0-1"]
[WhiteElo "2010"]
[BlackElo "2230"]
[PlyCount "72"]
[EventDate "2005.??.??"]

1. c4 Nf6 2. Nc3 c5 3. g3 g6 4. Bg2 Bg7 5. Nf3 O-O 6. d4 d6 7. O-O Nc6 8. d5
Na5 9. Nd2 a6 10. Qc2 Rb8 11. b3 b5 12. Rb1 Qc7 13. e4 e6 14. dxe6 Bxe6 15. Nd5
Qd8 16. Bb2 Nc6 17. Rbd1 bxc4 18. Nxc4 Bxd5 19. exd5 Na5 20. Bc3 Nxc4 21. bxc4
Nd7 22. Rb1 Bxc3 23. Qxc3 Re8 24. Bh3 Qf6 25. Qc2 Ne5 26. f4 Rxb1 27. Rxb1 Nf3+
28. Kh1 Nd4 29. Qc3 Re2 30. Rb8+ Kg7 31. Rb2 Qe7 32. Bg4 Re3 33. Qd2 h5 34. Bd1
Qe4+ 35. Kg1 Re1+ 36. Kf2 Rh1 0-1

[Event "SR 2. liga A 2005/2006"]
[Site "?"]
[Date "2006.03.12"]
[Round "66.3"]
[White "Bronis, Marian"]
[Black "Magyar, Frantisek"]
[Result "1-0"]
[WhiteElo "2133"]
[BlackElo "1990"]
[PlyCount "49"]
[EventDate "2005.??.??"]

1. d4 Nf6 2. c4 g6 3. Nc3 Bg7 4. e4 d6 5. Be3 O-O 6. f3 e5 7. d5 Ne8 8. Qd2 f5
9. exf5 gxf5 10. Bd3 f4 11. Bf2 Nf6 12. g4 a5 13. h4 Na6 14. h5 h6 15. Nh3 b6
16. O-O-O Nc5 17. Bxc5 bxc5 18. Bg6 Nh7 19. Rdg1 Bf6 20. Bxh7+ Kxh7 21. Qc2+
Kh8 22. Ne4 Rg8 23. Qc3 Bd7 24. Kb1 Qe7 25. Nxf4 1-0

[Event "SR 2. liga A 2005/2006"]
[Site "?"]
[Date "2006.03.12"]
[Round "66.4"]
[White "Vrba, Michal"]
[Black "Sukuba, Zdeno"]
[Result "1/2-1/2"]
[WhiteElo "1957"]
[BlackElo "2108"]
[PlyCount "26"]
[EventDate "2005.??.??"]

1. e4 c6 2. d4 d5 3. Nc3 dxe4 4. Nxe4 Nd7 5. g3 Ngf6 6. Bg2 Nxe4 7. Bxe4 Nf6 8.
Bg2 Bf5 9. Nf3 e6 10. O-O Be7 11. Re1 O-O 12. Ne5 Nd7 13. Bf4 Nxe5 1/2-1/2

[Event "SR 2. liga A 2005/2006"]
[Site "?"]
[Date "2006.03.12"]
[Round "66.5"]
[White "Kebis, Milos"]
[Black "Lutter, Ladislav"]
[Result "1-0"]
[WhiteElo "2038"]
[BlackElo "1961"]
[PlyCount "177"]
[EventDate "2005.??.??"]

1. Nf3 d6 2. d4 g6 3. c4 Bg7 4. Nc3 Nd7 5. e4 c5 6. d5 Ngf6 7. Be2 O-O 8. O-O
h6 9. Re1 Kh7 10. Nh4 Ng8 11. g3 a6 12. f4 Re8 13. Bd3 Rb8 14. Nf3 f6 15. h4
Nf8 16. f5 Kh8 17. a4 Bd7 18. g4 Qc8 19. Qc2 Rd8 20. Re2 Be8 21. Rg2 Nd7 22.
Be3 Ne5 23. Nxe5 fxe5 24. g5 h5 25. Qe2 Bf7 26. Rf1 Rf8 27. Qd1 Qd7 28. Be2 Qe8
29. Bxh5 gxh5 30. g6 Nf6 31. gxf7 Qxf7 32. Rg6 Rg8 33. Bg5 Ng4 34. Rf3 Bf6 35.
Qd2 Rxg6 36. fxg6 Qxg6 37. Rf5 Rg8 38. Kf1 Kh7 39. Ne2 Rg7 40. Ng3 Kg8 41. Nxh5
Qxh5 42. Bxf6 Nh2+ 43. Kf2 Ng4+ 44. Ke1 Qxf5 45. exf5 Nxf6 46. Qa5 Rg4 47. Qc7
Kf7 48. Qxb7 Rxc4 49. Qxa6 Rxh4 50. a5 Rb4 51. Qc8 Rxb2 52. a6 Ra2 53. Qb7 c4
54. a7 Ra1+ 55. Ke2 Ra2+ 56. Kd1 Rxa7 57. Qxa7 Nxd5 58. Qg1 Nf4 59. Qg5 d5 60.
Kd2 d4 61. Kc2 c3 62. Qh6 d3+ 63. Kxc3 e6 64. fxe6+ Ke7 65. Kd2 Kd6 66. Qf6
Nxe6 67. Kxd3 Kd5 68. Ke3 Nc5 69. Qe7 e4 70. Kf4 Ne6+ 71. Kf5 Nd4+ 72. Kf6 Nf3
73. Qd7+ Kc4 74. Kf5 Kc3 75. Kxe4 Nd2+ 76. Ke3 Nc4+ 77. Ke2 Kb4 78. Qc6 Kc3 79.
Qc5 Kb3 80. Kd3 Nb2+ 81. Kd4 Ka2 82. Qc6 Kb3 83. Qc3+ Ka2 84. Qc2 Ka3 85. Kc3
Na4+ 86. Kc4 Nb2+ 87. Kb5 Ka2 88. Kb4 Ka1 89. Kb3 1-0

[Event "SR 2. liga A 2005/2006"]
[Site "?"]
[Date "2006.03.12"]
[Round "66.6"]
[White "Kucera, Michal"]
[Black "Povysil, Peter"]
[Result "0-1"]
[WhiteElo "1988"]
[BlackElo "2058"]
[PlyCount "94"]
[EventDate "2005.??.??"]

1. e4 e6 2. d4 d5 3. Nd2 Nf6 4. e5 Nfd7 5. Bd3 c5 6. c3 Nc6 7. Ne2 cxd4 8. cxd4
Nb4 9. Bb1 b5 10. O-O Nb6 11. f4 g6 12. Nf3 h5 13. h4 Bd7 14. Ng5 Rc8 15. a3
Nc6 16. Qd3 Ne7 17. Ng3 Nf5 18. Nxf5 gxf5 19. b3 a5 20. Bd2 Ra8 21. Rc1 a4 22.
b4 Nc4 23. Bc2 Be7 24. Rab1 Qb6 25. Be3 Qa7 26. Bf2 Bd8 27. Bd1 Bb6 28. Rc3 Ke7
29. Be2 Rh6 30. Nf3 Rg8 31. Nd2 Bc6 32. Bf3 Qa8 33. Kh2 f6 34. Nxc4 dxc4 35.
Qe2 Rhg6 36. g3 fxe5 37. fxe5 f4 38. Bxc6 Qxc6 39. d5 fxg3+ 40. Bxg3 Qxd5 41.
Rf3 Bd4 42. Rd1 Rxg3 43. Rxg3 Qxe5 44. Qf3 Qxg3+ 45. Qxg3 Rxg3 46. Kxg3 Bb2 47.
Kf4 c3 0-1

[Event "SR 2. liga A 2005/2006"]
[Site "?"]
[Date "2006.03.12"]
[Round "66.7"]
[White "Faltan, Peter"]
[Black "Priam, Stefan"]
[Result "0-1"]
[WhiteElo "2085"]
[BlackElo "1965"]
[PlyCount "104"]
[EventDate "2005.??.??"]

1. d4 Nf6 2. c4 g6 3. Nc3 Bg7 4. e4 d6 5. Be2 O-O 6. Be3 e5 7. d5 b6 8. Rc1
Nbd7 9. b4 a5 10. a3 axb4 11. axb4 Bb7 12. Qd2 c5 13. dxc6 Bxc6 14. f3 Qc7 15.
Bg5 Rfe8 16. Nh3 Nf8 17. O-O Ne6 18. Nd5 Qd8 19. Be3 Bxd5 20. cxd5 Nd4 21. Bxd4
exd4 22. Rc6 Re7 23. Rfc1 Ne8 24. Nf2 Rea7 25. g3 h5 26. Bc4 Kh7 27. Rc2 Ra3
28. Kg2 Qf6 29. Nd3 Bh6 30. Qe2 Be3 31. Rxb6 Ra1 32. Ne1 R8a3 33. Ra6 h4 34.
Rxa3 Rxa3 35. Bb5 Ng7 36. Rc7 hxg3 37. hxg3 Ra8 38. Nc2 Ra2 39. Qe1 Rb2 40. Be2
Rb3 41. Bc4 Rc3 42. Nxe3 Rxe3 43. Qd1 Rc3 44. Rc6 Nh5 45. Be2 Qg5 46. Qxd4
Qxg3+ 47. Kf1 Qh3+ 48. Ke1 Qh1+ 49. Kf2 Qh4+ 50. Kg1 Qe1+ 51. Bf1 Rxf3 52. Qc4
Qf2+ 0-1

[Event "SR 2. liga A 2005/2006"]
[Site "?"]
[Date "2006.03.12"]
[Round "66.8"]
[White "Orolin, Peter"]
[Black "Rathousky, Karol"]
[Result "1-0"]
[WhiteElo "1900"]
[BlackElo "1869"]
[PlyCount "55"]
[EventDate "2005.??.??"]

1. e4 c5 2. Nf3 Nc6 3. d4 cxd4 4. Nxd4 e6 5. Nc3 a6 6. Be3 Nf6 7. Bd3 Bb4 8.
O-O Bxc3 9. bxc3 d5 10. Nxc6 bxc6 11. e5 Nd7 12. f4 Qe7 13. c4 O-O 14. Qh5 f5
15. exf6 Nxf6 16. Qh4 Qf7 17. cxd5 exd5 18. Bd4 g6 19. Rae1 Bd7 20. f5 Ne4 21.
Bxe4 dxe4 22. Rxe4 Qc4 23. Re7 Rf7 24. Rxf7 Qxf7 25. fxg6 Qxg6 26. Rf3 Qxc2 27.
Rg3+ Kf8 28. Qf6+ 1-0